Makrifat dalam Islam : antara ketulenan dan aliran semasa

Bibliographic Details
Main Authors: Sayyid, Ahmad 'Abd al-Rahim (Author), Ismail Muhammad (Author)
Format: Book
Published: Kuala Lumpur : Dewan Bahasa dan Pustaka , 1991
Subjects:

MARC

LEADER 00000cam a2200000 7i4500
001 0000006298
005 20100118093000.0
008 021119s1991
020 |a 9836223924 
090 0 0 |a BP88.S29   |b M32 
100 0 |a Sayyid, Ahmad 'Abd al-Rahim ,   |e author 
240 0 3 |a al-Makrifah al-Islam   |l Bahasa Malaysia 
245 0 0 |a Makrifat dalam Islam :   |b antara ketulenan dan aliran semasa   |c Ahmad Abdul Rahim al-Sayed   |f penterjemah, Ismail Muhamad 
260 2 |a Kuala Lumpur :   |b Dewan Bahasa dan Pustaka ,   |c 1991 
300 |a viii, 62 ms. ;   |c 22 sm. 
504 |a Mengandungi bibliografi (ms. 61-62) 
650 0 |a Civilization, Arab 
650 0 |a Islamic civilization 
650 0 |a Knowledge, Theory of (Islam) 
700 0 |a Ismail Muhammad ,   |e author 
999 |a 1000002002   |b Book   |c OPEN SHELF (30 DAYS)   |e Gong Badak Campus 
999 |a 1000002042   |b Book   |c OPEN SHELF (30 DAYS)   |e Gong Badak Campus 
999 |a 1000057152   |b Book   |c OPEN SHELF (30 DAYS)   |e Gong Badak Campus